|
|
|
|
| LEADER |
01096njm a2200325 a 4500 |
| 001 |
000292476 |
| 003 |
CZ BrMZK |
| 005 |
19950101143423.0 |
| 008 |
950101s1994 xr f cze d |
| 028 |
0 |
3 |
|a 660278-2 331
|b Monitor EMI
|
| 040 |
|
|
|a BOA001
|b cze
|
| 080 |
|
|
|a 784.4(086.7)
|2 MRF
|
| 110 |
2 |
|
|a Technoboys (hudební skupina)
|7 ko2003172855
|4 prf
|
| 245 |
1 |
0 |
|a Techno boys
|h [zvukový záznam] /
|c Techno Boys.
|
| 246 |
3 |
3 |
|a ZTak se prober
|
| 246 |
3 |
3 |
|a Dobrý den, majore Gagarine
|
| 246 |
3 |
3 |
|a Follow me 2 techno
|
| 246 |
3 |
3 |
|a Get up and dance
|
| 246 |
3 |
3 |
|a Nuselský most
|
| 246 |
3 |
3 |
|a Techno, techno, technoboys
|
| 260 |
|
|
|a Praha :
|b Monitor-EMI,
|c p1994
|
| 300 |
|
|
|a 1 CD ;
|c 12 cm +
|e 1 složený list.
|
| 500 |
|
|
|a Durata neuv
|
| 500 |
|
|
|a Nahr. 1993
|
| 505 |
2 |
|
|a Techno, techno, technoboys, Nuselský most, Follow me 2 techno ... [et al.]
|
| 653 |
0 |
|
|a populární hudba
|a techno
|
| 910 |
|
|
|a BOA001
|b CD-0003.401
|
| 964 |
|
|
|a Hudba populární
|x techno
|x CD
|
| 990 |
|
|
|a AV
|
| 996 |
6 |
|
|b 261H003437
|c CD-0003.401
|l MZK
|r Sklad / do 24 hodin
|n 0
|w 000292476
|u 000010
|a 1
|e BOA001
|j MZK50
|s P
|